Statistics for The Lord of the Rings: The Fellowship of the Ring Characters Quiz

Click here to take the quiz!

General Stats

  • This quiz has been taken 138 times
  • The average score is 19 of 22

Answer Stats

Actor/ActressDescriptionCharacter% Correct
Elijah WoodA young hobbit who inherits the One Ring from his uncle BilboFrodo Baggins
100%
Sean AstinA hobbit gardener and Frodo's best friendSamwise "Sam" Gamgee
100%
Viggo MortensenA Dúnedain ranger, the descendant of Isildur, and heir to Gondor's throne"Strider" Aragorn II Elessar
100%
Ian McKellenAn Istari wizard and mentor to FrodoGandalf the Grey
99%
Andy SerkisA wretched hobbit-like creature whose mind was poisoned over centuries by the RingGollum
99%
Dominic MonaghanA distant cousin of FrodoMeriadoc "Merry" Brandybuck
99%
Ian HolmFrodo's uncle who gives him the Ring after he decides to retire to RivendellBilbo Baggins
98%
Sean BeanA prince of the Stewards of Gondor who journeys with the Fellowship towards MordorBoromir
98%
John Rhys-DaviesA dwarf warrior who accompanies the Fellowship to Mordor after they set out from Rivendell and a descendant of Dulin FolkGimli
98%
Orlando BloomA prince of the elves' Woodland Realm and a skilled archerLegolas Greenleaf
98%
Billy BoydA hobbit who travels with the Fellowship on their journey to MordorPeregrin "Pippin" Took
98%
Christopher LeeThe fallen head of the Istari Order who succumbs to Sauron's will through his use of the palantírSaruman the White
96%
Cate BlanchettThe elven co-ruler of Lothlórien alongside her husband CelebornGaladriel
95%
Sala BakerThe Dark Lord of Mordor and the Ring's true master who manifests as an Eye after the destruction of his physical formSauron
95%
Hugo WeavingThe elven Lord of Rivendell who leads the Council of Elrond, which ultimately decides to destroy the RingElrond
94%
Liv TylerAn elven princess of Rivendell and Aragorn's loverArwen Undomiel
91%
Marton CsokasThe elven Lord of Lothlórien and Galadriel's husbandCeleborn the Wise
87%
Harry SinclairElendil's son and Aragorn's ancestor who originally defeated SauronIsildur
85%
Craig ParkerThe leader of the Galadhrim warriors guarding the border of LothlórienHaldir
64%
Lawrence MakoareThe commander of Saruman's Orc forcesLurtz
53%
Mark FergusonThe last Elven-King of NoldorEreinion Gil-galad
4%
Peter McKenzieThe last High King of Arnor and GondorElendill the Tall
3%

Score Distribution

Percentile by Number Answered

Percent of People with Each Score

Your Score History

You have not taken this quiz